Báze dat INSPEC příručka pro uživatele dialogových informačních služeb databazového centra ÚVTEI-ÚTZ

Salvato in:
Dettagli Bibliografici
Autore principale: Vaňo, Marián
Natura: Libro
Lingua:ceco
Pubblicazione: Praha Ústředí vědeckých, technických a ekonomických informací 1990
Edizione:1. vyd.
Tags: Aggiungi Tag
Nessun Tag, puoi essere il primo ad aggiungerne!!

MARC

LEADER 00000nam$a2200000$$$4500
001 c024162
005 20221215115751.4
041 0 |a cze 
044 |a CZ 
245 1 0 |a Báze dat INSPEC  |b příručka pro uživatele dialogových informačních služeb databazového centra ÚVTEI-ÚTZ  |c Marián Vaňo 
250 |a 1. vyd. 
264 1 |a Praha  |b Ústředí vědeckých, technických a ekonomických informací  |c 1990 
300 |a 146 s. 
100 1 |a Vaňo, Marián